Programmed Instruction Text Aerial Photography (Record no. 549771)
[ view plain ]
| 000 -LEADER | |
|---|---|
| fixed length control field | 00483nam a22001337a 4500 |
| 082 ## - DEWEY DECIMAL CLASSIFICATION NUMBER | |
| Classification number | 778.35 |
| Author Mark | PRO |
| -- | D |
| 100 ## - MAIN ENTRY--PERSONAL NAME | |
| Personal name | U. S. Army Engg School |
| 9 (RLIN) | 46432 |
| 245 ## - TITLE STATEMENT | |
| Title | Programmed Instruction Text Aerial Photography |
| Remainder of title | Programmed Instruction Text Aerial Photography Determination of Photo Scale |
| Statement of responsibility, etc. | U. S. Army Engg School |
| 260 ## - PUBLICATION, DISTRIBUTION, ETC. | |
| Place of publication, distribution, etc. | U. S. Army Engg School, Fort Belvoir, Virginia |
| 300 ## - PHYSICAL DESCRIPTION | |
| Extent | 22 P, : |
| 526 ## - STUDY PROGRAM INFORMATION NOTE | |
| Program name | 0 |
| Interest level | 0 |
| Reading level | 0 |
| Title point value | 778_350000000000000_PRO |
| 650 ## - SUBJECT ADDED ENTRY--TOPICAL TERM | |
| Topical term or geographic name entry element | MCE |
| 9 (RLIN) | 379 |
| 942 ## - ADDED ENTRY ELEMENTS (KOHA) | |
| Source of classification or shelving scheme | |
| Koha item type | Book |
| Withdrawn status | Lost status | Source of classification or shelving scheme | Damaged status | Not for loan | Permanent Location | Current Location | Date acquired | Total Checkouts | Full call number | Barcode | Date last seen | Price effective from | Koha item type |
|---|---|---|---|---|---|---|---|---|---|---|---|---|---|
| Military College of Engineering (MCE) | Military College of Engineering (MCE) | 10/14/2014 | 778.35 PRO | MCE-42972 | 10/14/2014 | 10/14/2014 | Book |
